[Event "AUTO-MASTER-2936"]
[Site "http://www.queenalice.com/game.php?id=1604446"]
[Date "2020.3.26"]
[Round "1"]
[White "grepovsky"]
[Black "Clauceri"]
[Result "0-1"]
[WhiteElo "2224"]
[BlackElo "1970"]

1. e4 c5 2. Nc3 d6 3. g3 g6 4. Bg2 Bg7 5. d3 Nf6 6. f4 O-O 7. Nf3 Nc6 8. O-O Rb8
9. h3 b5 10. Be3 b4 11. Ne2 Nd7 12. Qc1 h6 13. g4 a5 14. Rb1 a4 15. Qd2 b3 16.
axb3 axb3 17. c3 Ba6 18. Rbd1 Nb6 19. Ng3 e6 20. h4 d5 21. e5 d4 22. cxd4 cxd4
23. Bf2 Re8 24. Ne4 Na4 25. Ra1 Rb4 26. Rfc1 Bxd3 27. Nd6 Bc2 28. Nxe8 Qxe8 29.
Nxd4 Nxd4 30. Bxd4 Bf8 31. Kh2 Qd8 32. Bc3 Qxh4+ 33. Bh3 Nxc3 34. bxc3 Rc4 35.
Rxc2 bxc2 36. Rf1 c1=Q 37. Qxc1 Qd8 38. Qe1 Qd3 39. Qf2 Rxc3 40. Qg2 Bc5 0-1

[Event "AUTO-MASTER-2949"]
[Site "http://www.queenalice.com/game.php?id=1608898"]
[Date "2020.4.22"]
[Round "1"]
[White "Clauceri"]
[Black "StenioVS"]
[Result "0-1"]
[WhiteElo "2018"]
[BlackElo "2163"]

1. c4 g6 2. Nc3 Bg7 3. g3 Nf6 4. Bg2 O-O 5. Nf3 d6 6. O-O Nc6 7. d4 e5 8. e4 Bg4
9. dxe5 Nxe5 10. h3 Nxf3+ 11. Bxf3 Bxh3 12. Re1 Nd7 13. Kh2 Be6 14. Qe2 Ne5 15.
Bd2 Nxf3+ 16. Qxf3 Bxc4 17. Rh1 Qf6 18. Qg2 Rae8 19. f4 Qe7 20. Qh3 Bxc3 21.
Bxc3 Qxe4 22. Qxh7+ Kxh7 23. Kg1+ Qxh1+ 24. Kxh1 f6 0-1

[Event "AUTO-MASTER-2949"]
[Site "http://www.queenalice.com/game.php?id=1608911"]
[Date "2020.4.22"]
[Round "1"]
[White "Clauceri"]
[Black "waldi"]
[Result "1-0"]
[WhiteElo "2087"]
[BlackElo "2057"]

1. c4 c5 2. Nc3 Nc6 3. g3 g6 4. Bg2 Bg7 5. Nf3 Nf6 6. O-O O-O 7. d3 d6 8. a3 a6
9. Rb1 Bd7 10. b4 Ne8 11. bxc5 Bxc3 12. Rxb7 Rb8 13. Qb3 Bg7 14. Bf4 e5 15. Be3
Rxb7 16. Qxb7 a5 17. Ng5 Nd4 18. Bxd4 exd4 19. c6 Bc8 20. Qb8 Qc7 21. Rb1 h6 22.
Ne4 Qxc6 23. Nf6+ Nxf6 24. Bxc6 Bg4 25. Qxd6 Nh5 26. f3 Be6 27. Rb5 Bf6 28. Rxa5
Rd8 29. Ra8 Rxa8 30. Bxa8 1-0

[Event "AUTO-MASTER-2949"]
[Site "http://www.queenalice.com/game.php?id=1608912"]
[Date "2020.4.22"]
[Round "1"]
[White "waldi"]
[Black "Clauceri"]
[Result "0-1"]
[WhiteElo "2073"]
[BlackElo "2071"]

1. d4 d5 2. c4 Nf6 3. Nc3 e6 4. Bg5 Be7 5. Nf3 O-O 6. e3 Nbd7 7. Bd3 dxc4 8.
Bxc4 a6 9. O-O b5 10. Bd3 Bb7 11. a3 c5 12. Ne1 Qc7 13. Rc1 Rac8 14. Ne2 Qb6 15.
dxc5 Nxc5 16. Bb1 Rfd8 17. Nd3 e5 18. f3 e4 19. fxe4 Ncxe4 20. Rxc8 Bxc8 21. Bf4
g5 22. Bg3 Qxe3+ 23. Kh1 Bg4 24. Re1 Nxg3+ 25. Nxg3 Qd4 26. Rxe7 Bxd1 27. Nf5
Qb6 28. Ne5 Bb3 29. Nd3 Qc5 0-1

[Event "AUTO-MASTER-2949"]
[Site "http://www.queenalice.com/game.php?id=1608913"]
[Date "2020.4.22"]
[Round "1"]
[White "Clauceri"]
[Black "pizzaiolo72"]
[Result "1-0"]
[WhiteElo "2008"]
[BlackElo "2182"]

1. c4 e5 2. Nc3 Nc6 3. e3 Nf6 4. Nf3 e4 5. Ng5 Qe7 6. Qc2 Nb4 7. Qb1 d5 8. cxd5
Nbxd5 9. Bc4 Nxc3 10. bxc3 Be6 11. Nxe6 fxe6 12. Qxb7 Qd8 13. Rb1 Nd5 14. Bxd5
exd5 15. Qc6+ Kf7 16. Rb5 Be7 17. Rxd5 Qc8 18. Rd7 Rb8 19. Rxc7 Qg4 20. O-O Rhc8
21. f3 exf3 22. Rxf3+ Kg8 23. h3 Qxf3 24. gxf3 Rxc7 25. Qxc7 Rb1 26. Qxe7 Rxc1+
27. Kf2 1-0

[Event "AUTO-MASTER-2949"]
[Site "http://www.queenalice.com/game.php?id=1608914"]
[Date "2020.4.22"]
[Round "1"]
[White "pizzaiolo72"]
[Black "Clauceri"]
[Result "0-1"]
[WhiteElo "2165"]
[BlackElo "2031"]

1. e4 c5 2. Nf3 Nc6 3. d4 cxd4 4. Nxd4 g6 5. Bb5 Bg7 6. c3 Nf6 7. Bxc6 bxc6 8.
O-O Nxe4 9. Be3 O-O 10. Nd2 Nf6 11. h3 Rb8 12. b3 Nd5 13. Qc2 Nxe3 14. fxe3 e5
15. N4f3 d5 16. Rad1 Qe7 17. c4 e4 18. Nd4 Bd7 19. cxd5 cxd5 20. Nc6 Bxc6 21.
Qxc6 Rfd8 22. Rc1 Bh6 23. Rfe1 Rbc8 24. Qb5 Rxc1 25. Rxc1 Bxe3+ 26. Kh1 Bxd2 27.
Rd1 e3 0-1

[Event "AUTO-MASTER-2964"]
[Site "http://www.queenalice.com/game.php?id=1615666"]
[Date "2020.6.9"]
[Round "1"]
[White "junipero"]
[Black "Clauceri"]
[Result "1-0"]
[WhiteElo "2025"]
[BlackElo "2105"]

1. d4 Nf6 2. c4 e6 3. Nc3 Bb4 4. Bd2 O-O 5. e3 c5 6. a3 cxd4 7. axb4 dxc3 8.
Bxc3 b6 9. c5 Nc6 10. b5 Ne7 11. Bxf6 gxf6 12. Qg4+ Ng6 13. h4 f5 14. Qh5 Bb7
15. Nf3 Bxf3 16. Qxf3 bxc5 17. h5 Ne5 18. Qg3+ Ng6 19. hxg6 fxg6 20. Bc4 d5 21.
Be2 Rf7 22. O-O Rb8 23. b3 Rb6 24. Rfc1 Rc7 25. Ra6 Qc8 26. Rca1 Qd7 27. Rxb6
axb6 28. Ra8+ Rc8 29. Rxc8+ Qxc8 30. Qd6 c4 31. bxc4 dxc4 32. Qc6 1-0

[Event "AUTO-MASTER-2964"]
[Site "http://www.queenalice.com/game.php?id=1615667"]
[Date "2020.6.9"]
[Round "1"]
[White "Clauceri"]
[Black "junipero"]
[Result "1-0"]
[WhiteElo "2093"]
[BlackElo "2010"]

1. c4 c6 2. Nc3 d5 3. cxd5 cxd5 4. d4 e6 5. Bf4 Nc6 6. Nf3 Nf6 7. e3 Be7 8. Bb5
Bd7 9. O-O O-O 10. Rc1 a6 11. Ba4 b5 12. Bc2 Nb4 13. Bb1 Rc8 14. a3 Nc6 15. Qd3
g6 16. e4 Nxe4 17. Nxe4 f5 18. Nc5 Ra8 19. Nxe6 Bxe6 20. Rxc6 Bf7 21. Rfc1 Be8
22. Rc7 Bd6 23. Bxd6 Qxd6 24. Ng5 Rd8 25. Rxh7 Rd7 26. Qh3 Qf6 27. Rxd7 Rf7 28.
Rxf7 Bxf7 29. Rc8+ 1-0

[Event "AUTO-MASTER-2964"]
[Site "http://www.queenalice.com/game.php?id=1615680"]
[Date "2020.6.9"]
[Round "1"]
[White "CCapivara"]
[Black "Clauceri"]
[Result "0-1"]
[WhiteElo "2081"]
[BlackElo "2087"]

1. e4 c5 2. Nf3 Nc6 3. d4 cxd4 4. Nxd4 e5 5. Nb5 a6 6. N5c3 Bb4 7. Bd3 Nf6 8.
O-O d5 9. exd5 Nxd5 10. Bd2 Nf6 11. Bg5 O-O 12. Nd5 Be7 13. Bxf6 Bxf6 14. Nbc3
Be6 15. Qf3 Ne7 16. Nxf6+ gxf6 17. Qxf6 Ng6 18. Qf3 Qg5 19. Ne4 Qh6 20. Rfe1 f5
21. Nc5 e4 22. Qe2 Nf4 23. Qe3 Bf7 24. Bf1 b6 25. Nb3 Rad8 26. g3 Nh3+ 27. Bxh3
Qxh3 28. Qg5+ Bg6 29. Rad1 Qh5 30. Qxh5 Bxh5 31. Rxd8 Rxd8 32. h3 a5 33. g4 Bg6
34. a4 f4 35. Kg2 Kg7 36. h4 h6 37. c3 Rd3 38. Nd4 Kf6 39. Nb3 Ke5 40. Nc1 Rd6
41. Kf1 f3 42. g5 h5 43. Nb3 Kf4 44. Nd4 Kg4 45. Rd1 Be8 46. b3 Bf7 47. Rd2 Rd5
48. c4 Rc5 49. Nc2 Kxh4 50. Rd4 Re5 51. g6 Bxg6 52. Rd6 Rg5 53. Rxb6 Kg4 54. Rb5
h4 55. Ne3+ Kh5 56. Rxg5+ Kxg5 57. Kg1 Bf7 58. Kh2 Be6 59. Nc2 Kf4 60. Ne3 Ke5
61. Nc2 Bd7 62. Kh1 Bh3 63. Kh2 Bf1 64. Ne3 Bd3 65. Kh3 Kd4 66. Kxh4 Kc3 67. Kg5
Kxb3 68. c5 Kxa4 69. c6 Kb3 70. c7 Ba6 71. Nf1 a4 72. Nd2+ Kb4 73. Nb1 e3 0-1

[Event "AUTO-MASTER-2964"]
[Site "http://www.queenalice.com/game.php?id=1615681"]
[Date "2020.6.9"]
[Round "1"]
[White "Clauceri"]
[Black "CCapivara"]
[Result "1-0"]
[WhiteElo "2074"]
[BlackElo "2143"]

1. c4 e5 2. Nc3 d6 3. d3 f5 4. g3 Nf6 5. Bg2 c6 6. Nf3 Be7 7. O-O O-O 8. b4 Kh8
9. a4 Be6 10. Ng5 Bg8 11. b5 Qc8 12. a5 d5 13. cxd5 Nxd5 14. Nxd5 Bxd5 15. Nf3
Nd7 16. bxc6 Bxc6 17. Bb2 Bf6 18. Ba3 Rd8 19. Rc1 Qc7 20. a6 Qa5 21. axb7 Bxb7
22. Bd6 e4 23. Nd2 Rac8 24. Nc4 Qa6 25. Qb3 Bd5 26. Rfd1 Nb6 27. Bb4 exd3 28.
exd3 Bxg2 29. Kxg2 Nd5 30. Ba3 f4 31. Bb2 Qc6 32. Kg1 fxg3 33. hxg3 Qe6 34. Bxf6
Nxf6 35. Qb7 Rc6 36. Qxa7 Qh3 37. Ne3 Re6 38. Rc4 Rde8 39. Rh4 1-0

[Event "AUTO-MASTER-2964"]
[Site "http://www.queenalice.com/game.php?id=1615690"]
[Date "2020.6.9"]
[Round "1"]
[White "Clauceri"]
[Black "Bruscato"]
[Result "0-1"]
[WhiteElo "2116"]
[BlackElo "2216"]

1. c4 e5 2. Nc3 Nf6 3. d3 d6 4. g3 Be7 5. Bg2 O-O 6. Nf3 Nc6 7. O-O Bf5 8. Rb1
Rb8 9. b4 Qd7 10. a4 a5 11. b5 Nd8 12. Ba3 b6 13. Nd5 Nxd5 14. cxd5 Bg6 15. Rc1
f5 16. Bh3 Be8 17. e4 Bh5 18. exf5 Rxf5 19. g4 Rf4 20. Rxc7 Qxc7 21. gxh5 Qb7
22. Bg2 Qxd5 23. Bc1 Rg4 24. h3 Rxg2+ 25. Kxg2 Ne6 26. Kh2 Rf8 27. Rg1 Rxf3 28.
Be3 Rxe3 29. fxe3 e4 30. d4 Ng5 31. Rg2 Nf3+ 32. Kh1 Qxh5 33. Qb3+ d5 34. Rg3
Bd6 35. Kg2 Bxg3 36. Kxg3 Qh4+ 37. Kg2 Qg5+ 0-1

[Event "AUTO-MASTER-2964"]
[Site "http://www.queenalice.com/game.php?id=1615691"]
[Date "2020.6.9"]
[Round "1"]
[White "Bruscato"]
[Black "Clauceri"]
[Result "1-0"]
[WhiteElo "2116"]
[BlackElo "2102"]

1. e4 c5 2. Nf3 Nc6 3. Nc3 d6 4. d4 cxd4 5. Nxd4 Nf6 6. Nb3 g6 7. f4 Bg7 8. Be2
O-O 9. Bf3 Qb6 10. Qe2 Nd7 11. h4 Bxc3+ 12. bxc3 Nc5 13. Be3 Qc7 14. Nd4 a6 15.
h5 Na4 16. hxg6 fxg6 17. Qc4+ Kh8 18. Qxa4 Qb6 19. Kf2 Qd8 20. Nxc6 bxc6 21.
Qxc6 Bd7 22. Qd5 1-0

[Event "AUTO-MASTER-2968"]
[Site "http://www.queenalice.com/game.php?id=1617539"]
[Date "2020.6.22"]
[Round "1"]
[White "Clauceri"]
[Black "SAMOEL"]
[Result "1-0"]
[WhiteElo "2121"]
[BlackElo "1946"]

1. c4 c6 2. Nc3 d5 3. cxd5 cxd5 4. d4 e6 5. e3 Bb4 6. Bd2 a6 7. Nf3 Nf6 8. Bd3
O-O 9. O-O Bxc3 10. Bxc3 Ne4 11. Qc2 f5 12. Bb4 Rf7 13. Rac1 Nc6 14. Ba3 Bd7 15.
Nd2 Qg5 16. f4 Qg4 17. Nf3 h5 18. Bxe4 fxe4 19. Ng5 Rf6 20. Qc5 h4 21. Rc2 Rh6
22. Qb6 Rb8 23. Qc7 Be8 24. Rxc6 bxc6 25. Qxb8 h3 26. Qxe8# 1-0

[Event "AUTO-MASTER-2968"]
[Site "http://www.queenalice.com/game.php?id=1617540"]
[Date "2020.6.22"]
[Round "1"]
[White "SAMOEL"]
[Black "Clauceri"]
[Result "0-1"]
[WhiteElo "1964"]
[BlackElo "2114"]

1. e4 c5 2. Qf3 Nc6 3. Bc4 e6 4. Ne2 Nf6 5. O-O d5 6. exd5 exd5 7. Bb5 Bd7 8.
Re1 Be7 9. Nf4 O-O 10. d3 Bg4 11. Qg3 Nd4 12. Ba4 Nf5 13. Ne6 Qa5 14. Bd2 Qxa4
15. Qc7 fxe6 16. h3 Bh5 17. g4 Nxg4 18. hxg4 Qxg4+ 19. Kh1 Bd6 20. Qxb7 Qh3+ 21.
Kg1 Qh2+ 22. Kf1 Ng3# 0-1

[Event "AUTO-MASTER-2968"]
[Site "http://www.queenalice.com/game.php?id=1617541"]
[Date "2020.6.22"]
[Round "1"]
[White "Clauceri"]
[Black "cerenzo72"]
[Result "1/2-1/2"]
[WhiteElo "2085"]
[BlackElo "2106"]

1. c4 g6 2. Nc3 Bg7 3. d4 b6 4. e4 Bb7 5. Nf3 d6 6. Bd3 Nf6 7. O-O O-O 8. b4
Nbd7 9. Rb1 c6 10. Re1 Qc7 11. d5 cxd5 12. exd5 Rfe8 13. Nd4 Ne5 14. Ncb5 Qd7
15. Rb2 a6 16. Na3 Nxd3 17. Qxd3 e6 18. dxe6 fxe6 19. Rbe2 e5 20. Ndc2 e4 21.
Qd1 Rad8 22. b5 axb5 23. Nxb5 Qc6 24. Ne3 d5 25. Nd4 Qc5 26. Nb3 Qc7 27. cxd5
Nxd5 28. Qc2 Qb8 29. Bb2 Nf4 30. Qc4+ Kh8 31. Bxg7+ Kxg7 32. Rc2 Re7 33. Nc1
Red7 34. Qc3+ Kf7 35. Qb3+ Kg7 36. Qxb6 Qe5 37. Qb2 Qxb2 38. Rxb2 Nd3 39. Nxd3
exd3 40. Rd2 Ba6 41. Ng4 Rc7 42. Ne3 Rdc8 43. h3 h5 44. Red1 Kh6 45. Nd5 Rc1 46.
Nb4 Rxd1+ 47. Rxd1 Bc4 48. Rd2 Ra8 49. f3 Kg5 50. Kf2 h4 51. Ke1 Kf4 52. Kf2 Ra4
53. Nxd3+ Bxd3 54. Rxd3 Rxa2+ 55. Kf1 g5 56. Rd8 Kg3 57. Rg8 Rf2+ 58. Ke1 Rxg2
59. Rxg5+ Kxf3 60. Rxg2 Kxg2 61. Ke2 Kxh3 62. Kf3 Kh2 63. Kf2 Kh1 64. Kf1 Kh2
65. Kf2 Kh1 66. Kf1 1/2-1/2

[Event "AUTO-MASTER-2968"]
[Site "http://www.queenalice.com/game.php?id=1617542"]
[Date "2020.6.22"]
[Round "1"]
[White "cerenzo72"]
[Black "Clauceri"]
[Result "1-0"]
[WhiteElo "2118"]
[BlackElo "2128"]

1. b3 d5 2. Bb2 c5 3. e3 Nc6 4. Nf3 Nf6 5. Bb5 Bd7 6. O-O Qc7 7. d3 e6 8. Nbd2
Bd6 9. c4 a6 10. Bxc6 Bxc6 11. cxd5 exd5 12. Re1 O-O 13. e4 dxe4 14. dxe4 Be7
15. Qc2 Nd7 16. Qc3 f6 17. Re2 b5 18. Rae1 Rad8 19. e5 fxe5 20. Nxe5 Bf6 21. f4
g5 22. Qg3 Nxe5 23. fxe5 Be7 24. Qc3 Rf7 25. e6 Rf6 26. Ne4 Bxe4 27. Rxe4 Qc6
28. Re5 h6 29. Qg3 Rg6 30. Qf2 Qc7 31. Qf7+ 1-0

[Event "AUTO-MASTER-2968"]
[Site "http://www.queenalice.com/game.php?id=1617543"]
[Date "2020.6.22"]
[Round "1"]
[White "Clauceri"]
[Black "rmvwoods"]
[Result "0-1"]
[WhiteElo "2088"]
[BlackElo "2069"]

1. c4 c5 2. Nc3 Nf6 3. g3 e6 4. Bg2 Nc6 5. e3 d5 6. cxd5 exd5 7. Nge2 Be7 8. a3
Be6 9. Nf4 Qd7 10. Nxe6 fxe6 11. Bh3 O-O 12. O-O Rae8 13. Rb1 Bd6 14. d4 cxd4
15. exd4 a6 16. Re1 Qf7 17. Qe2 Nxd4 18. Qd3 e5 19. Be3 Nf3+ 20. Kf1 Nxe1 21.
Kxe1 d4 0-1

[Event "AUTO-MASTER-2968"]
[Site "http://www.queenalice.com/game.php?id=1617544"]
[Date "2020.6.22"]
[Round "1"]
[White "rmvwoods"]
[Black "Clauceri"]
[Result "0-1"]
[WhiteElo "2118"]
[BlackElo "2102"]

1. d4 d5 2. c4 Nf6 3. Bg5 Nbd7 4. e3 e6 5. Nf3 c6 6. Nbd2 Qc7 7. Be2 dxc4 8.
Bxc4 b5 9. Bb3 Bb4 10. O-O O-O 11. Rc1 Bb7 12. Bf4 Bd6 13. Bxd6 Qxd6 14. e4 e5
15. Re1 h6 16. Bc2 Rfe8 17. dxe5 Nxe5 18. b3 Rad8 19. Nxe5 Qxe5 20. f3 Qd4+ 21.
Kh1 Qxd2 22. Qe2 Nh5 23. Rcd1 Qxe2 24. Rxe2 Rxd1+ 25. Bxd1 Rd8 26. Bc2 b4 27. g4
Nf4 28. Rf2 Ba6 29. h4 Be2 30. Kh2 Rd2 31. Bb1 Rb2 32. Kg3 g5 0-1

[Event "AUTO-MASTER-2936"]
[Site "http://www.queenalice.com/game.php?id=1624125"]
[Date "2020.8.17"]
[Round "2"]
[White "Clauceri"]
[Black "FM"]
[Result "0-1"]
[WhiteElo "2079"]
[BlackElo "2309"]

1. c4 c5 2. Nc3 Nc6 3. g3 e6 4. Bg2 Be7 5. Nf3 Nf6 6. d3 d5 7. cxd5 exd5 8. O-O
O-O 9. Bf4 d4 10. Nb5 Nd5 11. Kh1 Nxf4 12. gxf4 a6 13. Na3 Qc7 14. e3 dxe3 15.
fxe3 Be6 16. Nc4 Rad8 17. b3 b5 18. Nce5 Nb4 19. h3 f6 20. Ng4 Rxd3 21. Qe2 Rc3
22. Rad1 Rc2 23. Rd2 Rxd2 0-1

[Event "AUTO-MASTER-2936"]
[Site "http://www.queenalice.com/game.php?id=1624126"]
[Date "2020.8.17"]
[Round "2"]
[White "FM"]
[Black "Clauceri"]
[Result "1-0"]
[WhiteElo "2304"]
[BlackElo "2086"]

1. e4 e5 2. Nf3 Nc6 3. Bb5 a6 4. Ba4 Nf6 5. O-O b5 6. Bb3 Bc5 7. a4 Bb7 8. d3
O-O 9. axb5 axb5 10. Rxa8 Qxa8 11. Bg5 Ne8 12. Nc3 h6 13. Bh4 Kh8 14. Nxb5 f5
15. Bd5 fxe4 16. dxe4 Ne7 17. Bxe7 Bxe7 18. Nxe5 c6 19. Ng6+ Kh7 20. Qd3 cxd5
21. e5 Rxf2 22. Nxe7+ g6 23. Qxg6+ 1-0